|
|
|
|
| LEADER |
00000cas a22000004 4500 |
| 001 |
vtls012067583 |
| 003 |
SK-MaSNL |
| 005 |
20260228155927.0 |
| 008 |
210906c20219999xo mr p 0 b0slo |
| 022 |
|
|
|a 2729-8736
|
| 040 |
|
|
|d SVKBB
|a SNK
|b slo
|c SNK
|e rda
|
| 041 |
0 |
|
|a slo
|
| 044 |
|
|
|a xo
|c SK
|
| 072 |
|
7 |
|a 502
|x Životné prostredie a jeho ochrana
|2 konspekt
|
| 080 |
|
|
|a 502.2
|2 2011
|
| 080 |
|
|
|a 502.17
|2 2011
|
| 080 |
|
|
|a (051.053.2)
|2 2011
|
| 245 |
0 |
0 |
|a Enviráčik
|b environmentálny časopis pre deti
|
| 264 |
|
1 |
|a Bratislava
|b DAXE
|c 2021-
|
| 310 |
|
|
|a 1x mesačne
|
| 336 |
|
|
|a text
|b txt
|2 rdacontent
|
| 337 |
|
|
|a bez média
|b n
|2 rdamedia
|
| 338 |
|
|
|a zväzok
|b nc
|2 rdacarrier
|
| 362 |
0 |
|
|a Roč. 1, nulté číslo (leto 2021) -
|
| 500 |
|
|
|a EV 5989/21
|
| 500 |
|
|
|a Šéfredaktorka: Danuša Faktorová
|
| 650 |
0 |
7 |
|a environmentalistika
|2 SNKPH
|9 787
|
| 650 |
0 |
7 |
|a Environmental sciences
|2 SNKPHeng
|9 265575
|
| 650 |
0 |
7 |
|a ochrana životného prostredia
|2 SNKPH
|9 3352
|
| 650 |
0 |
7 |
|a Environmental protection
|2 SNKPHeng
|9 265610
|
| 655 |
|
7 |
|a časopisy pre deti
|2 SNKPH
|9 114921
|
| 655 |
|
7 |
|a Children's periodicals
|2 SNKPHeng
|9 265395
|
| 700 |
1 |
|
|a Faktorová, Danuša,
|d 1965-
|4 pbd
|9 265611
|
| 852 |
|
|
|a Štátna vedecká knižnica v Banskej Bystrici
|
| 999 |
|
|
|c 907
|d 907
|
| 952 |
|
|
|t č. 0-10
|a SNK
|b SNK
|y PREZ
|7 0
|p 17A1522610
|o snkČSB 7840/1/2021-2022
|i snk2024/2069
|8 0
|0 0
|1 0
|4 0
|d 2024-02-07
|l 0
|r 2026-02-21 19:48:31
|w 2026-02-21
|
| 952 |
|
|
|t č. 0-10, neúplné
|a SNK
|b SNK
|y PREZ
|7 0
|p 17A1558623
|o snkČSB 7840/1/2021-2022 D1
|i snk2026/56
|8 0
|z Chýba č. 0
|0 0
|1 0
|4 0
|d 2026-01-08
|l 0
|r 2026-02-21 20:03:00
|w 2026-02-21
|
| 952 |
|
|
|t č. 1-10
|a SNK
|b SNK
|c SNK_KF
|y PREZ
|7 8
|p 17A1558624
|o snkČSB 7840/2/2022-2023
|i snk2026/58
|8 0
|0 0
|1 0
|4 0
|d 2026-01-08
|l 0
|r 2026-02-21 20:03:00
|w 2026-02-21
|
| 952 |
|
|
|t č. 1-10
|a SNK
|b SNK
|c SNK_KF
|y PREZ
|7 8
|p 17A1558625
|o snkČSB 7840/3/2023-2024
|i snk2026/64
|8 0
|0 0
|1 0
|4 0
|d 2026-01-08
|l 0
|r 2026-02-21 20:03:00
|w 2026-02-21
|
| 952 |
|
|
|t č. 1-10
|a SNK
|b SNK
|c SNK_KF
|y PREZ
|7 8
|p 17A1558626
|o snkČSB 7840/4/2024-2025
|i snk2026/66
|8 0
|0 0
|1 0
|4 0
|d 2026-01-08
|l 0
|r 2026-02-21 20:03:00
|w 2026-02-21
|